SUPPLYING WAR LOGISTICS FROM WALLENSTEIN TO PATTON (Record no. 581781)
[ view plain ]
| 000 -LEADER | |
|---|---|
| fixed length control field | 00403nam a22001337a 4500 |
| 020 ## - INTERNATIONAL STANDARD BOOK NUMBER | |
| International Standard Book Number | 0-521-21730-X |
| 082 ## - DEWEY DECIMAL CLASSIFICATION NUMBER | |
| Classification number | 355.02 CRE'S |
| 100 ## - MAIN ENTRY--PERSONAL NAME | |
| Personal name | CREVELD, MARTIN VAN |
| 9 (RLIN) | 51470 |
| 245 ## - TITLE STATEMENT | |
| Title | SUPPLYING WAR LOGISTICS FROM WALLENSTEIN TO PATTON |
| 260 ## - PUBLICATION, DISTRIBUTION, ETC. | |
| Place of publication, distribution, etc. | LONDON |
| Name of publisher, distributor, etc. | CANBRIDGE |
| Date of publication, distribution, etc. | 1978 |
| 300 ## - PHYSICAL DESCRIPTION | |
| Extent | 284P |
| 650 ## - SUBJECT ADDED ENTRY--TOPICAL TERM | |
| Topical term or geographic name entry element | MILITRAY HISTORY MODERN MILIRAY ART AND SCIENCE HISTORY LOGISTICS HISTORY |
| 9 (RLIN) | 76388 |
| 942 ## - ADDED ENTRY ELEMENTS (KOHA) | |
| Koha item type | Book |
| Withdrawn status | Lost status | Damaged status | Not for loan | Permanent Location | Current Location | Shelving location | Date acquired | Total Checkouts | Full call number | Barcode | Date last seen | Price effective from | Koha item type |
|---|---|---|---|---|---|---|---|---|---|---|---|---|---|
| College of Electrical & Mechanical Engineering (CEME) | College of Electrical & Mechanical Engineering (CEME) | General Stacks | 05/29/2017 | 355.02 CRE'S | CEME-10804 | 06/28/2021 | 06/28/2021 | Book |
